Marine Corp Basic Knowledge - Statistics

General Stats
  • This quiz has been taken 25 times
  • The average score is 3 of 11
Answer Stats
Hint Answer % Correct
Highest enlisted rank you could achieve? Sergeant Major of the Marine Corps
55%
Where was the USMC founded? Philadelphia, PA
50%
Which state do you get sent to for BT(East Coast)? South Carolina (Parris Island)
45%
What are the core values? Honor, Courage, and Commitment
30%
When was the USMC founded? 1798
25%
Which city do you get sent to for BT(West Coast)? San Diego, California
25%
Where are the Marine Corps headquarters? The Pentagon, Arlington, Virginia
25%
Who is the Sergeant Major of the Marine Corps Carlos A. Ruiz
15%
Highest officer rank you could achieve? General of the Marine Corps
15%
Who is the Commandant of the Marine Corps? Eric M. Smith
5%
Who founded the Marine Corps? Samuel Nicholas
0%
No matching quizzes found
Score Distribution
Percent of People with Each Score
Percentile by Number Answered
Your Score History
You have not taken this quiz